[Event "Titled Tuesday intern op 03rd Aug"]
[Site "Chess.com INT"]
[Date "2021.08.03"]
[Round "7"]
[White "Labussiere, Victor"]
[Black "Papasimakopoulos, Alexandros"]
[Result "0-1"]
[WhiteElo "2291"]
[BlackElo "2251"]
[PlyCount "98"]
[EventDate "2021.08.03"]
[EventType "swiss (blitz)"]
[EventRounds "11"]
[EventCountry "USA"]
[SourceTitle "CBM 203 Extra"]
[Source "ChessBase"]
[SourceDate "2021.09.30"]
[SourceVersion "1"]
[SourceVersionDate "2021.09.30"]
[SourceQuality "1"]

1. e4 g5 2. Nc3 Bg7 3. d4 h6 4. Be3 d6 5. Qd2 Nc6 6. Nge2 e5 7. d5 Nce7 8. h4 g4 9. f4 gxf3 10. gxf3 f5 11. Bh3 f4 12. Bf2 Bxh3 13. Rxh3 Nf6 14. 0-0-0 Qd7 15. Rhh1 0-0 16. Kb1 Kh7 17. Qd3 Nh5 18. Rdg1 a6 19. Nd1 Bf6 20. Nc1 Rg8 21. Qf1 Rxg1 22. Rxg1 Rg8 23. Rxg8 Nxg8 24. Ne2 Qe7 25. Qh3 Ng7 26. c4 b6 27. Kc2 Qd8 28. b4 Ne7 29. h5 Qc8 30. Qh1 Qe8 31. Ndc3 Qxh5 32. Qg2 Bh4 33. Bg1 Be1 34. c5 Bxc3 35. Nxc3 bxc5 36. bxc5 Ng6 37. Bf2 Nh4 38. Bxh4 Qxh4 39. c6 Qg3 40. Qh1 h5 41. Kb3 h4 42. Ne2 Qf2 43. Qh3 Qxe2 44. Qxh4+ Kg6 45. Qd8 Kf7 46. Qxc7+ Kg8 47. Qxd6 Qxf3+ 48. Kc4 Qxe4+ 49. Kc5 Qd4# 0-1

[Event "Titled Tuesday intern op 03rd Aug"]
[Site "Chess.com INT"]
[Date "2021.08.03"]
[Round "1"]
[White "Labussiere, Victor"]
[Black "Pert, Richard G"]
[Result "1-0"]
[WhiteElo "2291"]
[BlackElo "2416"]
[PlyCount "89"]
[EventDate "2021.08.03"]
[EventType "swiss (blitz)"]
[EventRounds "11"]
[EventCountry "USA"]
[SourceTitle "CBM 203 Extra"]
[Source "ChessBase"]
[SourceDate "2021.09.30"]
[SourceVersion "1"]
[SourceVersionDate "2021.09.30"]
[SourceQuality "1"]

1. e4 d5 2. exd5 Nf6 3. Bb5+ Bd7 4. Bc4 Bg4 5. f3 Bf5 6. Nc3 c6 7. dxc6 Nxc6 8. Nge2 e5 9. 0-0 Bc5+ 10. Kh1 0-0 11. d3 h6 12. Ne4 Bb6 13. N2g3 Bg6 14. h3 Nd5 15. a3 Kh8 16. Nc3 Ne3 17. Bxe3 Bxe3 18. Nd5 Bc5 19. f4 b5 20. Ba2 exf4 21. Nxf4 Bh7 22. Qh5 Bb6 23. Bxf7 Ne5 24. Ne6 Qd6 25. Nxf8 Rxf8 26. Bb3 Rd8 27. Nf5 Bxf5 28. Qxf5 Bc7 29. g3 a5 30. Rad1 a4 31. Ba2 Qc6+ 32. Kh2 Qxc2+ 33. Qf2 Qc6 34. d4 Nd7 35. Bb1 Nf6 36. Qg2 Qd6 37. Rd3 Re8 38. Rdf3 Qxd4 39. Qc2 Ne4 40. Qxc7 Qd2+ 41. Kg1 Qd4+ 42. Kh1 Nf6 43. Qc2 Qd5 44. Kh2 Qe5 45. Rxf6 1-0